000 00428nam a2200157 4500
001 109763
003 ES-MaACL
005 20230906184915.0
007 t|
008 061121s1973 sp r ||||1| spa d
100 1 _aMuñiz Romero, Carlos.
_984280
245 1 0 _aRelatos vandaluces /
_cCarlos Muñiz Romero.
260 _aSevilla :
_bUniversidad,
_c1973.
300 _a124 p. ;
_c19 cm.
852 _aES-MaACL
_jC-54136
_bR.86989
999 _c109763
_d109763